Xây dựng và tạo liên kết cho bản đồ du lịch thành phố Đà Nẵng nhằm phục vụ du khách
Cơ sở lý luận của đề tài. Khái quát đặc điểm du lịch TP Đà Nẵng. Quy trình xây dựng và tạo liên kết cho bản đồ du lịch thành phố Đà Nẵng.
Kaydedildi:
| Yazar: | |
|---|---|
| Diğer Yazarlar: | |
| Materyal Türü: | Kitap |
| Dil: | Vietnamese |
| Baskı/Yayın Bilgisi: |
Đại học Đà Nẵng
Đại học Sư phạm
2011
|
| Seri Bilgileri: | Báo cáo nghiên cứu khoa học Khoa Địa lý. Ngành: Cử nhân Địa lý - Môi trường
|
| Konular: | |
| Etiketler: |
Etiketle
Etiket eklenmemiş, İlk siz ekleyin!
|
| Thư viện lưu trữ: | Mạng thư viện Đại học Đà Nẵng |
|---|
| LEADER | 01528nam a2200349 4500 | ||
|---|---|---|---|
| 001 | 000012737 | ||
| 003 | 9052 | ||
| 005 | 20120228080257.0 | ||
| 008 | 120228s2011 viesd | ||
| 041 | |a vie | ||
| 072 | |a Công trình nghiên cứu khoa học | ||
| 082 | |a 526 |b TR-H | ||
| 100 | |a Trần, Thị Hiền |e Tác giả | ||
| 245 | |a Xây dựng và tạo liên kết cho bản đồ du lịch thành phố Đà Nẵng nhằm phục vụ du khách |c Trần Thị Hiền, Trần Xuân Mùi | ||
| 260 | |a Đại học Đà Nẵng |b Đại học Sư phạm |c 2011 | ||
| 300 | |a 56 tr. |c 29 cm |e Tóm tắt | ||
| 490 | |a Báo cáo nghiên cứu khoa học Khoa Địa lý. Ngành: Cử nhân Địa lý - Môi trường | ||
| 520 | |a Cơ sở lý luận của đề tài. Khái quát đặc điểm du lịch TP Đà Nẵng. Quy trình xây dựng và tạo liên kết cho bản đồ du lịch thành phố Đà Nẵng. | ||
| 653 | |a Du lịch | ||
| 653 | |a Xây dựng | ||
| 653 | |a Tạo liên kết | ||
| 700 | |a Hồ Phong |c Th.S |e Hướng dẫn | ||
| OWN | |a LSP | ||
| AVA | |a UDN50 |b LSP |d 526 TR-H |e available |t Error 5001 Not defined in file expand_doc_bib_avail. |f 1 |g 0 |h N |i 0 |k 1 | ||
| 999 | |a From the UDN01 | ||
| AVA | |a UDN50 |b LSP |d 526 TR-H |e available |t Error 5001 Not defined in file expand_doc_bib_avail. |f 1 |g 0 |h N |i 0 |k 1 | ||
| TYP | |a Monograph | ||
| TYP | |a Printed language | ||
| 980 | |a Mạng thư viện Đại học Đà Nẵng | ||